000 00683nam a2200241 a 4500
001 nice12345678
003 IN_TiNIC
005 20260116011540.0
008 050524s1936 laha grp 000 0 eng
020 _a
_c100
082 0 0 _a275.4
_bRAM
100 _aRam, Rallia
245 _aProceedings of the Twenty Fourth Annual Meeting of the Punjab Christian Cou
260 _aLahore
_bPunjab Christian Council
_c1936
300 _a60p
500 _aincludes index and biblioraphy
505 2 _aConference Held at May 29th-31st, 1952, Vol.Xlil.No.4.Muslim World.
650 _aChristianity-India
700 1 _aRam, Rallia
902 _bSRS
942 _cBK
999 _c2542
_d2542